Innovations in Undergraduate Research & Honors Education: Proceedings of the Second Schreyer National Conference

Salvato in:
Dettagli Bibliografici
Natura: Elettronico Periodico
Pubblicazione: National Collegiate Honors Council
Accesso online:Available in Education Source.
Tags: Aggiungi Tag
Nessun Tag, puoi essere il primo ad aggiungerne!!

MARC

LEADER 00000nas a22000002 4500
001 ebs56875655e
003 EBZ
006 m d ||||||
007 cr|unu||||||||
008 241105| xx uu p o 0 0||| d
035 |a (EBZ)ebs56875655e 
040 |a EBZ 
042 |a msc 
130 0 |a Innovations in Undergraduate Research & Honors Education: Proceedings of the Second Schreyer National Conference (Online) 
222 1 0 |a Innovations in Undergraduate Research & Honors Education: Proceedings of the Second Schreyer National Conference 
245 0 0 |a Innovations in Undergraduate Research & Honors Education: Proceedings of the Second Schreyer National Conference  |h [electronic resource]. 
260 |b National Collegiate Honors Council 
773 0 |t Education Source   |d EBSCO 
856 4 0 |3 Full text available: Jan 2004-Jan 2004.  |z Available in Education Source.  |u https://researchs.unach.elogim.com/direct.asp?db=eue&jid=8W87&scope=site 
901 |a Conference Proceeding